00460cam a22001697a 4500020001800000020001500018040001000033082002600043245004400069260004800113300004500161650002000206700001800226700002200244942000700266999001700273 a9789812838773 a9812838775 cSITPL a971 WOR 2009 A105 Or.00aBioinformatics :ba Swiss perspective / aHackensack, NJ :bWorld Scientific,cc2009. axx, 443 p. :bill. (some col.) ;c24 cm. 0aBioinformatics.1 aAppel, Ron D.1 aFeytmans, Ernest. cEK c15738d15738